00500nam a2200193 a 4500001001300000003000900013005001700022008004100039020001000080082001500090100002000105245002900125260003300154300000800187500003500195505003400230650002200264700002000286nice12345678IN_TiNIC20260116012509.0050524s1971 ausa grp 000 0 ara  ac10000a269.2bRAB aRab Al, Lakhaam aShahadatna Al Masihiyat. aAustriabLight of Lifec1971 a99p aincludes index and biblioraphy2 aAppendex, Bibliography, Index aEvangelistic Work1 aRab Al, Lakhaam